000
00190 a2200097 4500
020
_a
9780817453916
041
_a
eng
100
_a
Bryan peterson
245
_a
Beyond Portraiture
942
_c
BK
999
_c
30945
_d
30943